[Event "Solta op 4th"]
[Site "Grohote"]
[Date "2021.08.14"]
[Round "8"]
[White "Gazic, Adrian"]
[Black "Petricevic, Petar"]
[Result "0-1"]
[WhiteElo "1389"]
[BlackElo "1745"]
[PlyCount "26"]
[EventDate "2021.08.08"]
[EventType "swiss"]
[EventRounds "9"]
[EventCountry "CRO"]
[SourceTitle "CBM 203 Extra"]
[Source "ChessBase"]
[SourceDate "2021.09.30"]
[SourceVersion "1"]
[SourceVersionDate "2021.09.30"]
[SourceQuality "1"]

1. e4 c6 2. Nf3 d5 3. Nc3 d4 4. Ne2 c5 5. Ng3 Nc6 6. Bb5 Bd7 7. d3 Qa5+ 8. Bd2 Qxb5 9. Rb1 e5 10. 0-0 Nge7 11. Re1 Ng6 12. h3 Be7 13. Qe2 0-0 0-1

[Event "CRO-ch U13"]
[Site "Trogir"]
[Date "2021.06.20"]
[Round "3"]
[White "Gazic, Adrian"]
[Black "Poljan, Max"]
[Result "1-0"]
[WhiteElo "1370"]
[BlackElo "1652"]
[PlyCount "107"]
[EventDate "2021.06.18"]
[EventType "swiss"]
[EventRounds "9"]
[EventCountry "CRO"]
[SourceTitle "EXT 2022"]
[Source "ChessBase"]
[SourceDate "2021.10.06"]
[SourceVersion "1"]
[SourceVersionDate "2021.10.06"]
[SourceQuality "1"]

1. d4 Nf6 2. c4 e6 3. Nf3 b6 4. g3 Bb7 5. Bg2 Be7 6. Nc3 0-0 7. 0-0 Ne4 8. Qc2 Nxc3 9. Qxc3 f5 10. Ne5 Bxg2 11. Kxg2 a5 12. f4 Ra7 13. a3 d6 14. Nf3 Nd7 15. Qe3 Kf7 16. d5 e5 17. fxe5 dxe5 18. Nxe5+ Nxe5 19. Qxe5 Qd6 20. Qxd6 cxd6 21. Rxf5+ Bf6 22. Bg5 Kg6 23. Raf1 Re7 24. Bxf6 Rxe2+ 25. R1f2 Rxf2+ 26. Rxf2 gxf6 27. a4 Re8 28. Kf3 Re1 29. Re2 Rc1 30. b3 Rb1 31. Re3 Rb2 32. h4 Rb1 33. Kf4 Rf1+ 34. Rf3 Re1 35. g4 h6 36. h5+ Kf7 37. Re3 Rf1+ 38. Kg3 Rb1 39. Kf2 Rb2+ 40. Ke1 Rb1+ 41. Kd2 Rb2+ 42. Kc3 Rg2 43. Re6 Rxg4 44. Rxd6 Rg5 45. Rxb6 Rxh5 46. Kd4 Rg5 47. c5 Rg1 48. c6 Ke7 49. Rb7+ Kd8 50. d6 Rd1+ 51. Kc5 Kc8 52. d7+ Kd8 53. Rb8+ Ke7 54. Re8+ 1-0

[Event "CRO-ch U13"]
[Site "Trogir"]
[Date "2020.08.26"]
[Round "4"]
[White "Gazic, Adrian"]
[Black "Grgantov, Marin"]
[Result "0-1"]
[WhiteElo "1488"]
[BlackElo "1911"]
[PlyCount "50"]
[EventDate "2020.08.24"]
[EventType "swiss"]
[EventRounds "9"]
[EventCountry "CRO"]
[SourceTitle "CBM 198 Extra"]
[Source "ChessBase"]
[SourceDate "2020.11.30"]
[SourceVersion "1"]
[SourceVersionDate "2020.11.30"]
[SourceQuality "1"]

1. g3 d5 2. Nf3 e6 3. Bg2 f5 4. 0-0 Nf6 5. d3 Bc5 6. Bf4 0-0 7. h3 Nh5 8. Bg5 Qe8 9. d4 Bd6 10. Nc3 c6 11. a4 Nd7 12. Bd2 Qg6 13. Nh4 Qf6 14. e3 g6 15. a5 f4 16. Qg4 e5 17. exf4 exf4 18. Qe2 fxg3 19. Bh6 gxf2+ 20. Rxf2 Qxf2+ 21. Qxf2 Rxf2 22. Kxf2 Bg3+ 23. Kg1 Bxh4 24. Rf1 Ndf6 25. Bf3 Bxh3 0-1